000 02334cam a2200385 a 4500
001 13680845
005 20060722164846.0
008 040809s2005 njua |r 001 0 eng
010 _a 2004018703
020 _a0471449881 (cloth)
040 _aDLC
_cDLC
_dDLC
050 0 0 _aTH438
_b.C618 2005
082 0 0 _a692.8
_222
_bCLO
100 1 _aClough, Richard Hudson.
_913229
245 1 0 _aConstruction Contracting :
_bA Practical Guide to Company Management /
_cRichard H. Clough, Glenn A. Sears, S. Keoki Sears.
250 _a7th ed.
260 _aHoboken, N.J. :
_bJ. Wiley, 2005
_cc2005.
300 _axii, 644 p. :
_bill. ;
_c25 cm. +
_e1 CD-ROM (4 3/4 in.)
500 _aIncludes index.
650 0 _aConstruction industry
_xManagement.
_913230
650 0 _aConstruction industry
_xSubcontracting.
_913231
700 1 _aSears, Glenn A.
_913232
700 1 _aSears, S. Keoki.
_913233
856 4 1 _3Table of contents only
_uhttp://www.loc.gov/catdir/toc/ecip0421/2004018703.html
856 4 2 _3Contributor biographical information
_uhttp://www.loc.gov/catdir/enhancements/fy0616/2004018703-b.html
856 4 2 _3Publisher description
_uhttp://www.loc.gov/catdir/enhancements/fy0616/2004018703-d.html
942 _2ddc
_cBB
999 _c11016
_d11016